UNFOLDING A BEAUTIFUL LIFE: (Record no. 7546)

MARC details
000 -LEADER
fixed length control field 00486nam a22001577a 4500
005 - DATE AND TIME OF LATEST TRANSACTION
control field 20210309130432.0
008 - FIXED-LENGTH DATA ELEMENTS--GENERAL INFORMATION
fixed length control field 210309b ||||| |||| 00| 0 eng d
020 ## - INTERNATIONAL STANDARD BOOK NUMBER
ISBN 978-1-63640-145-4
041 ## - LANGUAGE CODE
Language code of text/sound track or separate title eng
100 ## - MAIN ENTRY--AUTHOR NAME
Personal name KRISHNA, MAYANK
245 ## - TITLE STATEMENT
Title UNFOLDING A BEAUTIFUL LIFE:
Remainder of title an inspirational story about a father , a child and their daily conversations about life
260 ## - PUBLICATION, DISTRIBUTION, ETC. (IMPRINT)
Name of publisher WHITE FALCON PUBLISHING
Year of publication 2021
300 ## - PHYSICAL DESCRIPTION
Number of Pages 225,P
650 ## - SUBJECT ADDED ENTRY--TOPICAL TERM
Topical Term ENGLISH [NOVEL]
942 ## - ADDED ENTRY ELEMENTS (KOHA)
Koha item type Books
Holdings
Lost status Damaged status Home library Current library Shelving location Date acquired Source of acquisition Cost, normal purchase price Full call number Accession Number Koha item type Collection code
    JRU Library   SHELF-101-A 09/03/2021 PURCHES 349.00 158.1 25760 Books  
    JRU Library   SHELF-51-B 09/03/2021 PURCHES 349.00   25761 Books  
    JRU Library JRU Library SHELF-101-A 09/03/2021 PURCHES 349.00 158.1 25762 Books LIFE SKILL
    JRU Library JRU Library SHELF-101-A 09/03/2021 PURCHES 349.00 158.1 25763 Books LIFE SKILL
    JRU Library JRU Library SHELF-101-B 09/03/2021 PURCHES 349.00 158.1 25764 Books LIFE SKILL